<?xml version="1.0" encoding="UTF-8"?>
<record
    xmlns:xsi="http://www.w3.org/2001/XMLSchema-instance"
    xsi:schemaLocation="http://www.loc.gov/MARC21/slim http://www.loc.gov/standards/marcxml/schema/MARC21slim.xsd"
    xmlns="http://www.loc.gov/MARC21/slim">

  <leader>04104    a2200241   4500</leader>
  <controlfield tag="001">47917</controlfield>
  <controlfield tag="005">20260407155744.0</controlfield>
  <controlfield tag="008">260407a2018    arg                 spa d</controlfield>
  <controlfield tag="003">AR-UNSa-BCEJYS</controlfield>
  <datafield tag="040" ind1=" " ind2=" ">
    <subfield code="a">AR-UNSa-BCEJYS</subfield>
    <subfield code="b">spa</subfield>
    <subfield code="c">AR-UNSa-BCEJYS</subfield>
  </datafield>
  <datafield tag="080" ind1=" " ind2=" ">
    <subfield code="a">336.221</subfield>
    <subfield code="x">Tributaci&#xF3;n</subfield>
  </datafield>
  <datafield tag="245" ind1="1" ind2="0">
    <subfield code="a">Reforma tributaria</subfield>
    <subfield code="p">an&#xE1;lisis sustancial de los pilares de la reforma: ganancias, procedimiento, iva, monobributo, internos, reval&#xFA;o y penal tributario</subfield>
  </datafield>
  <datafield tag="020" ind1=" " ind2=" ">
    <subfield code="a">978-987-01-2191-6</subfield>
  </datafield>
  <datafield tag="264" ind1=" " ind2="1">
    <subfield code="a">Buenos Aires :</subfield>
    <subfield code="b">Errepar</subfield>
    <subfield code="c">2018</subfield>
  </datafield>
  <datafield tag="300" ind1=" " ind2=" ">
    <subfield code="a">xlii, 766 p.</subfield>
    <subfield code="c">21 cm.</subfield>
  </datafield>
  <datafield tag="505" ind1=" " ind2=" ">
    <subfield code="a">1. Ganancias. Tratamiento de la renta financiera obtenida por personas humanas y sucesiones indivisas residentes en el pa&#xED;s / Mario Volman - 2. La reforma de la ley del impuesto a las ganancias y el nuevo tratamiento para las rentas financieras / F&#xE9;lix J. Rolando - 3. Las monedas digitales y el bitcoin en el nuevo impuesto a las rentas financieras / Ricardo Mihura Estrada - 4. Tratamiento de las ganancias de capital relacionadas con inmuebles / Liliana Molas - 5. El nuevo esquema de integraci&#xF3;n de la renta empresaria con el dividendo, los dividendos fictos y su impacto en el negocio / Florencia Fern&#xE1;ndez Sabella - 6. La imposici&#xF3;n a la renta societaria y a los dividendos en la Ley 27.430 / Fernando D. Garc&#xED;a - 7. El rescate de acciones en la reforma del impuesto a las ganancias / Rafael Ramognino - 8. Ley 27.430 incentivos a la reinversi&#xF3;n de utilidades y presunciones de la segunda categor&#xED;a / Hern&#xE1;n M. D&#xB4;Agostino - 9. Modificaciones en el subsistema de tributaci&#xF3;n internacional de la ley 27.430 / Dar&#xED;o M. Rajmilovich - 10. Limitaci&#xF3;n en la deducci&#xF3;n de intereses y transferencias de acciones / Gustavo scravaglieri - Pablo Baroffio - Juan M. Iglesias - 11. Nuevo r&#xE9;gimen de transparencia fiscal internacional /Gabriela Rigoni - 12. Los TRUSTS, fundaciones de inter&#xE9;s privado  y estructuras an&#xE1;logas bajo la reforma de la Ley 27.430 / Ezequiel Lipovetzky - Pablo M. Muir - 13. El nuevo concepto de establecimiento permanente bajo la reforma tributaria / Daniela C. Rey - 14. Los cambios destacados en precios de transferencia / Cecilia E. Goldemberg - 15. Los cambios en el sexto m&#xE9;todo y algunas cuestiones todav&#xED;a pendientes en precios de transferencia / Tom&#xE1;s Smudt - Fernanda Lai&#xFA;n - 16. Impuesto al valor agregado. La reforma del impuesto al valor agregado / Hugo E. Kaplan - Carlos G. Kaplan - 17. Los servicios digitales transfronterizos en las modificaciones introducidas por la ley 27.430 / Guillermo Marconi - 18. La Reforma digital / Fernando Vaquero - 19. Internos. Impuestos selectivo al consumo / Andrea Casero - 20. Combustibles. La reforma tributaria en el impuesto sobre los combustibles / Gustavo A. Carre&#xF1;o - Esteban M. Garciandia - 21. Monotributo. Modificaciones previstas al r&#xE9;gimen simplificado para peque&#xF1;os contribuyentes / Carlos A. Schestakow - 22. Procedimiento tributario. Modificaciones incorporadas a la Ley 11.683 de procedimiento tributario / Mar&#xED;a A. Capria - Valeria P. D&#xB4;Alessandro - Francisco Blanco - 23. Las modificaciones en materia de sanciones tributarias materiales / Carolina Calello - 24. Modificaciones en los plazos de prescripci&#xF3;n de la Ley 11.683 contenidas en la Ley 27.430 / Fabiana Iglesias Araujo - 25. La Reforma tributaria &#xBF;Habilita un m&#xE9;todo alternativo para la resoluci&#xF3;n de conflictos? Gustavo E. Etman - 26. Publicidad de los Estados Contables y derecho de acceso a la informaci&#xF3;n / Agustina O&#xB4;Donnell - 27. Penal Tributario. Algunas notas respecto a las modificaciones al r&#xE9;gimen penal tributario / Esteban D. Semachowicz - 28. La Exhumaci&#xF3;n de la resoluci&#xF3;n (PGN) 5/2012 / Carlos M. Folco - 29. Reval&#xFA;o impositivo. Reval&#xFA;o. Casos pr&#xE1;cticos de aplicaci&#xF3;n / Richard L. Amaro G&#xF3;mez - Mario Volman - 30. Consenso fiscal. Consenso fiscal Naci&#xF3;n/Provincias - </subfield>
  </datafield>
  <datafield tag="041" ind1=" " ind2=" ">
    <subfield code="a">spa</subfield>
  </datafield>
  <datafield tag="942" ind1=" " ind2=" ">
    <subfield code="c">BK</subfield>
  </datafield>
  <datafield tag="590" ind1=" " ind2=" ">
    <subfield code="a">niveau_biblio:m niveau_hierar:0</subfield>
  </datafield>
  <datafield tag="100" ind1="1" ind2=" ">
    <subfield code="a">Kaplan, Hugo E.</subfield>
  </datafield>
  <datafield tag="700" ind1="1" ind2=" ">
    <subfield code="a">Volman, Mario</subfield>
  </datafield>
  <datafield tag="856" ind1="4" ind2="1">
    <subfield code="u">https://www.biblioeco.unsa.edu.ar/pmb/images/libros/L127683.jpg</subfield>
    <subfield code="y">Imagen de portada</subfield>
    <subfield code="q">image/jpeg</subfield>
  </datafield>
  <datafield tag="999" ind1=" " ind2=" ">
    <subfield code="c">4486</subfield>
    <subfield code="d">4486</subfield>
  </datafield>
  <datafield tag="952" ind1=" " ind2=" ">
    <subfield code="0">0</subfield>
    <subfield code="1">0</subfield>
    <subfield code="4">0</subfield>
    <subfield code="7">0</subfield>
    <subfield code="a">BCEJYS</subfield>
    <subfield code="b">BCEJYS</subfield>
    <subfield code="c">16</subfield>
    <subfield code="d">2026-04-07</subfield>
    <subfield code="l">0</subfield>
    <subfield code="o">336.221 K17</subfield>
    <subfield code="p">L127683</subfield>
    <subfield code="r">2026-04-07 15:57:44</subfield>
    <subfield code="w">2026-04-07</subfield>
    <subfield code="y">L</subfield>
    <subfield code="z">P&#xC1;G 341 A 345 DOBLADAS - CANTO INFERIOR CON MANCHITAS Y CANTO SUPERIOR CON LINEA ROJA</subfield>
  </datafield>
  <datafield tag="952" ind1=" " ind2=" ">
    <subfield code="0">0</subfield>
    <subfield code="1">0</subfield>
    <subfield code="4">0</subfield>
    <subfield code="7">0</subfield>
    <subfield code="a">BCEJYS</subfield>
    <subfield code="b">BCEJYS</subfield>
    <subfield code="c">16</subfield>
    <subfield code="d">2026-04-07</subfield>
    <subfield code="l">0</subfield>
    <subfield code="o">336.221 K17</subfield>
    <subfield code="p">L127684</subfield>
    <subfield code="r">2026-04-07 15:57:44</subfield>
    <subfield code="w">2026-04-07</subfield>
    <subfield code="y">L</subfield>
    <subfield code="z">CANTO INFERIOR MANCHADO </subfield>
  </datafield>
  <datafield tag="952" ind1=" " ind2=" ">
    <subfield code="0">0</subfield>
    <subfield code="1">0</subfield>
    <subfield code="4">0</subfield>
    <subfield code="7">0</subfield>
    <subfield code="a">BCEJYS</subfield>
    <subfield code="b">BCEJYS</subfield>
    <subfield code="c">16</subfield>
    <subfield code="d">2026-04-07</subfield>
    <subfield code="l">0</subfield>
    <subfield code="o">P336.221 K17</subfield>
    <subfield code="p">L127685</subfield>
    <subfield code="r">2026-04-07 15:57:44</subfield>
    <subfield code="w">2026-04-07</subfield>
    <subfield code="y">L</subfield>
  </datafield>
  <datafield tag="952" ind1=" " ind2=" ">
    <subfield code="0">0</subfield>
    <subfield code="1">0</subfield>
    <subfield code="4">0</subfield>
    <subfield code="7">0</subfield>
    <subfield code="a">BCEJYS</subfield>
    <subfield code="b">BCEJYS</subfield>
    <subfield code="c">16</subfield>
    <subfield code="d">2026-04-07</subfield>
    <subfield code="l">0</subfield>
    <subfield code="o">P336.221 K17</subfield>
    <subfield code="p">L127686</subfield>
    <subfield code="r">2026-04-07 15:57:44</subfield>
    <subfield code="w">2026-04-07</subfield>
    <subfield code="y">L</subfield>
  </datafield>
  <datafield tag="952" ind1=" " ind2=" ">
    <subfield code="0">0</subfield>
    <subfield code="1">0</subfield>
    <subfield code="4">0</subfield>
    <subfield code="7">0</subfield>
    <subfield code="a">BCEJYS</subfield>
    <subfield code="b">BCEJYS</subfield>
    <subfield code="c">16</subfield>
    <subfield code="d">2026-04-07</subfield>
    <subfield code="l">0</subfield>
    <subfield code="o">336.221 K17</subfield>
    <subfield code="p">L127919</subfield>
    <subfield code="r">2026-04-07 15:57:44</subfield>
    <subfield code="w">2026-04-07</subfield>
    <subfield code="y">L</subfield>
  </datafield>
  <datafield tag="952" ind1=" " ind2=" ">
    <subfield code="0">0</subfield>
    <subfield code="1">0</subfield>
    <subfield code="4">0</subfield>
    <subfield code="7">0</subfield>
    <subfield code="a">BCEJYS</subfield>
    <subfield code="b">BCEJYS</subfield>
    <subfield code="c">16</subfield>
    <subfield code="d">2026-04-07</subfield>
    <subfield code="l">0</subfield>
    <subfield code="o">336.221 K17</subfield>
    <subfield code="p">L127920</subfield>
    <subfield code="r">2026-04-07 15:57:44</subfield>
    <subfield code="w">2026-04-07</subfield>
    <subfield code="y">L</subfield>
  </datafield>
  <datafield tag="952" ind1=" " ind2=" ">
    <subfield code="0">0</subfield>
    <subfield code="1">0</subfield>
    <subfield code="4">0</subfield>
    <subfield code="7">0</subfield>
    <subfield code="a">BCEJYS</subfield>
    <subfield code="b">BCEJYS</subfield>
    <subfield code="c">16</subfield>
    <subfield code="d">2026-04-07</subfield>
    <subfield code="l">0</subfield>
    <subfield code="o">336.221 K17</subfield>
    <subfield code="p">L127921</subfield>
    <subfield code="r">2026-04-07 15:57:44</subfield>
    <subfield code="w">2026-04-07</subfield>
    <subfield code="y">L</subfield>
    <subfield code="z">CANTO INFERIOR CON MANCHA</subfield>
  </datafield>
</record>
